00295nam a2200121Ia 4500008004100000041001200041082001700053100002700070245002100097260003500118300001100153650000900164231217s9999 xx 000 0 und d aEnglish a294.548 NIH aNihsreyasananda, Swami 0aMan and his mind cNULLbRamakrishna Math, Madras aiv+343 aMind